[Event "Santa Cruz op 4th"]
[Site "Santa Cruz"]
[Date "2024.07.20"]
[Round "5"]
[White "Claros Fuentes, David"]
[Black "Moscoso Paz, Esther Angela"]
[Result "0-1"]
[WhiteElo "1709"]
[BlackElo "1651"]
[PlyCount "81"]
[EventDate "2024.07.18"]
[EventType "swiss"]
[EventRounds "7"]
[EventCountry "BOL"]
[SourceTitle "EXT 2025"]
[Source "ChessBase"]
[SourceDate "2024.10.14"]
[SourceVersion "1"]
[SourceVersionDate "2024.10.14"]
[SourceQuality "1"]

1. e4 c5 2. c3 Nf6 3. e5 Nd5 4. Nf3 Nc6 5. Bc4 Nb6 6. Bb3 c4 7. Bc2 Qc7 8. Qe2 g5 9. Na3 g4 10. Nb5 Qb8 11. Ng5 Nxe5 12. 0-0 a6 13. Nd4 h6 14. Ne4 d6 15. Re1 Bg7 16. b3 0-0 17. Ng3 Ng6 18. bxc4 Qc7 19. d3 Qc5 20. Be3 Qe5 21. Qd2 Qa5 22. Rab1 Kh7 23. Ndf5 Bxc3 24. Qc1 Bxe1 25. Bxh6 Bxf5 26. Bxf8 Rxf8 27. Qg5 Bxd3 28. Qxa5 Bxa5 29. Bxd3 Rc8 30. Nf5 Kg8 31. g3 Rc7 32. Ne3 Ne5 33. Be2 Nbxc4 34. Nxg4 Nxg4 35. Bxg4 Nd2 36. Rb2 Ne4 37. Bf3 d5 38. Re2 Nc3 39. Re5 f6 40. Rf5 Kg7 41. Bxd5 0-1